Statistics for Supermodels by Picture

Click here to take the quiz!

General Stats

  • This quiz has been taken 178 times
    (172 since last reset)
  • The average score is 9 of 16

Answer Stats

Answer% Correct
Gisele Bündchen
84%
Naomi Campbell
84%
Heidi Klum
75%
Tyra Banks
72%
Cindy Crawford
71%
Kate Moss
66%
Adriana Lima
65%
Claudia Schiffer
58%
Miranda Kerr
51%
Iman
45%
Kate Upton
42%
Elle Macpherson
40%
Karlie Kloss
40%
Alessandra Ambrosio
36%
Grace Jones
32%
Janice Dickinson
27%

Score Distribution

Percentile by Number Answered

Percent of People with Each Score

Your Score History

You have not taken this quiz since the last reset